000 00562nam a2200181Ia 4500
008 090123s9999 xx 000 0 und d
082 _b32577
_a891.463/कुलक
100 _aकुलकर्णी पद्मा
245 _aद ड्रीम
250 _a1
260 _bप्राजक्ता प्रकाशन
_c2001
300 _a144
600 _aकुलकर्णी पद्मा
630 _aद ड्रीम
700 _aकुलकर्णी पद्मा
730 _aद ड्रीम
942 _cBOOK
999 _c70636
_d70636